000 00309nam a22001337a 4500
008 170609b xxu||||| |||| 00| 0 eng d
020 _a9780195215755
041 _aeng
080 _a327
100 _a19
101 _aSHP
245 _aBRITISH POLITICS IN THE GLOBAL AGE
_cKRIEGER.J
942 _2udc
_cBK
999 _c16674
_d16674